000 00589nam a2200241 a 4500
001 nice12345678
003 IN_TiNIC
005 20260116012213.0
008 050524s1895 lona grp 000 0 per
020 _a
_c100
082 0 0 _a220.59155
_b
100 _a,
245 _aKitab-E-Muqaddas, Yani Kutub Ahd-E-Ateeq-O-Ahd-E-Jadeed
260 _aLondon
_bBritish and Foreign Bible Society
_c1895
300 _a421p
500 _aincludes index and biblioraphy
505 2 _aIndex
650 _aBible-Persian
700 1 _a,
902 _bRHR
942 _cBK
999 _c6062
_d6062